Clausura del ciclo Catalunya abans i ara
Publicado:
San Jorge, núm. 100 (abril 1977), pàg 63 :
MARC
| LEADER | 00000nam a2200000Ia 4500 | ||
|---|---|---|---|
| 001 | |||
| 008 | 160829s9999 xx 000 0 cat d | ||
| 245 | |a Clausura del ciclo Catalunya abans i ara | ||
| 260 | |a San Jorge, núm. 100 (abril 1977), pàg 63 | ||
| 650 | |a Cultura catalana |x Història |9 42330 | ||
| 650 | |a Catalunya |x Història |9 24030 | ||
| 650 | 0 | |a Congressos i conferències |9 48301 | |
| 650 | |a Moreta i Munujos, Jordi |9 41084 | ||
| 700 | |a Cicle de Conferències sobre Catalunya abans i ara (1977 : Barcelona) |9 41085 | ||
| 901 | |a Arxiu | ||
| 942 | |n 1 | ||
| 952 | |0 0 |1 0 |4 0 |7 1 |9 50036 |a Arxiu |b Arxiu |d 2016-12-01 |l 0 |r 2016-12-01 00:00:00 |w 2016-12-01 |y ARXIU | ||
| 999 | |c 53878 |d 53878 | ||